| 000 | 01007nam a2200241 i 4500 | ||
|---|---|---|---|
| 001 | 182637 | ||
| 003 | ES-MaACL | ||
| 005 | 20250827232303.0 | ||
| 008 | 131007s2012 sp a | |||||||| | spa d | ||
| 020 | _a978-84-939918-3-8 | ||
| 080 | _a929:61 Ramón y Cajal, Santiago | ||
| 245 | 0 | 0 |
_aSantiago Ramón y Cajal : _btrabajo, saberes y arte en la investigación científica / _ceditor y coordinador de la monografía, Antonio Moreno González. |
| 260 |
_a[Paracuellos de Jarama, Madrid] : _bADEMAS, _c[2012] |
||
| 300 |
_a318 p. : _bil. col., gráf. ; _c24 cm. |
||
| 490 | 1 | _aDocencia universitaria. Serie humanidades médicas | |
| 504 | _aBibliografía: p. 276-318. | ||
| 600 | 1 | 4 |
_aRamón y Cajal, Santiago, _d1852-1934- _xBiografías _995228 |
| 700 | 1 |
_aMoreno González, Antonio. _983381 |
|
| 830 | 1 | 0 |
_aDocencia universitaria. _pHumanidades médicas _9223754 |
| 852 |
_aES-MaACL _jA-12876 _9189554 _bR.149085 _cDEPO1 _dOlim: N-5876 |
||
| 942 |
_2udc _cMONOGRAFIA |
||
| 999 |
_c182637 _d182637 |
||